Stavba transformátorů

Guardado en:
Detalles Bibliográficos
Autores principales: Hapl, Josef (Autor), Nosek, Karel (Autor)
Formato: Libro
Lenguaje:checo
Publicado: Praha : České vysoké učení technické v Praze, 1971
Edición:1. vyd.
Etiquetas: Agregar Etiqueta
Sin Etiquetas, Sea el primero en etiquetar este registro!

MARC

LEADER 00000nam a22000003a 4500
001 stu33255
005 20150617225658.4
008 980818s1971------------------------cze-d
040 |a STU  |b slo 
041 0 |a cze 
100 1 |a Hapl, Josef  |4 aut 
245 1 |a Stavba transformátorů 
250 |a 1. vyd. 
260 |a Praha :  |b České vysoké učení technické v Praze,  |c 1971 
300 |a 310 s 
700 1 |a Nosek, Karel  |4 aut 
996 |b 284ES14069  |c E*S-6730  |l EE01  |s A  |a 24  |w stu33255_0003 
996 |b 284ES14070  |c E*S-6731  |l EE01  |s A  |a 24  |w stu33255_0004